000 00713nam a2200205 a 4500
001 0219
005 20140414131854.0
008 040819s19uu xx 00 eng d
020 _a0-7253-1062-6
050 _aM 813
_bW15 1988
100 _aWalker, Kate
245 _aTales from the good land /
_cKate Walker ; illustrated by Gillian Campbell.
260 _aAustralia :
_bBookshelf Publishing,
_c1988.
300 _a70 p. : ill. ; cm.
500 _aContents: The Treasure of the Mountain--Erin's Reward--Men of War--The Princess and Her Councillor--The Lazy Blacksmith--The Beggars--The Secret of the Good Land.
650 _aFiction.
650 _aChildren stories.
999 _c110357
_d110357